[Event "Odysseus Autumn B"]
[Site "Soborg"]
[Date "2003.09.18"]
[Round "2"]
[White "Pedersen, Benny"]
[Black "Neesgaard Madsen, Helge"]
[Result "0-1"]
[WhiteElo "1833"]
[BlackElo "1720"]
[PlyCount "68"]
[EventDate "2003.09.11"]
[EventType "tourn"]
[EventRounds "5"]
[EventCountry "DEN"]
[SourceTitle "EXT 2023"]
[Source "ChessBase"]
[SourceDate "2022.10.05"]
[SourceVersion "1"]
[SourceVersionDate "2022.10.05"]
[SourceQuality "1"]

1. d4 d5 2. c4 e6 3. Nf3 f5 4. Nc3 c6 5. c5 Nf6 6. Bf4 b6 7. b4 Ba6 8. e3 Bxf1 9. Kxf1 Be7 10. Ne5 0-0 11. f3 Nh5 12. Nd3 Nd7 13. Qa4 Qc8 14. Ne2 a5 15. Kf2 axb4 16. Qxb4 bxc5 17. dxc5 Bf6 18. Bd6 Bxa1 19. Rxa1 Re8 20. a4 e5 21. Qc3 e4 22. Nb4 exf3 23. gxf3 Qd8 24. Nxc6 Qh4+ 25. Kg2 Qg5+ 26. Kf2 Re6 27. Rg1 Qh4+ 28. Kf1 Qh3+ 29. Kf2 Rae8 30. Ne7+ R8xe7 31. Bxe7 Rxe7 32. c6 Ndf6 33. Nf4 Nxf4 34. exf4 Ne4+ 0-1